La belleza de la muerte. Patrimonio y memoria en la formación pedagógica /

التفاصيل البيبلوغرافية
المؤلف الرئيسي: Huerta, Ricard
مؤلفون آخرون: Panciroli, Chiara
التنسيق: كتاب
اللغة:الإسبانية
منشور في: Porto Alegre : 2023
الموضوعات:
الوصول للمادة أونلاين:https://uir.inie.ucr.ac.cr/cgi-bin/koha/opac-retrieve-file.pl?id=d74c68009ddea545d491b0a857423df4

MARC

LEADER 00000nam a2200000 4500
005 20241002104128.0
008 240930b2023 |||a|||| |||| 00| | spa d
090 |a 06.02.01 
100 |a Huerta, Ricard  |9 4865 
245 1 3 |a La belleza de la muerte. Patrimonio y memoria en la formación pedagógica /  |c Ricard Huerta, Chiara Panciroli 
260 |a Porto Alegre :  |c 2023 
300 |a 29 páginas ;  |b Ilustraciones ; PDF 
500 |a Revista GEARTE, Porto Alegre, v.10, 2023 
650 1 4 |a ARTE   |9 421 
650 1 4 |a EDUCACIÓN  |9 1 
650 1 4 |a FORMACIÓN DE DOCENTES  |9 9 
650 1 4 |a PEDAGOGÍA  |9 1770 
650 1 4 |a CREATIVIDAD  |9 861 
700 |a Panciroli, Chiara   |9 4971 
856 |u https://uir.inie.ucr.ac.cr/cgi-bin/koha/opac-retrieve-file.pl?id=d74c68009ddea545d491b0a857423df4 
942 |2 z  |c 08  |h 06.02.02  |6 060202 
999 |c 4092  |d 4092